000 00824cam a2200217 i 4500
003 SA-RiAUC
005 20251105111527.0
008 251104q19801989su g 000r0 ara c
040 _aSA-JeALM
_bara
_cSA-RiAUC
_erda
082 0 4 _a252.5
090 _a252.5
_bج ز ا
100 1 _aالجزائري، أبو بكر جابر،
_d1921-2018
_eمؤلف.
245 1 2 _aالحج المبرور والزيارة /
_cأبو بكر جابر الجزائري.
264 1 _aجدة :
_bمكتبة القدس الإسلامية،
_bلينة .
_c[بين 1980 و1989]
300 _a154 صفحة ؛
_c20 سم
336 _aنص
_btxt
_2rdacontent
_3كتاب
337 _aبدون وسيط
_bn
_2rdamedia
650 7 _aالحج (فقه إسلامي)
_xمناسك
_2aucsh
942 _2ddc
_cBOOK
_n0
949 _aSA-JeALM
_d251104
_uosman123
_n1
999 _c12998
_d12998